Qualitative research in information management /

Bibliographic Details
Other Authors: Glazier, Jack D., Powell, Ronald R.
Format: Book
Language:English
Published: Englewood, Colo. : Libraries Unlimited, 1992.
Subjects:

MARC

Tag First Indicator Second Indicator Subfields
LEADER 00000cam a2200000 a 4500
001 in00001195521
005 20151002052758.0
008 911113s1992 couab b 001 0 eng
010 |a  91043579  
020 |a 0872878066 :  |c $35.00 
035 |a (OCoLC)24906893 
035 |9 AGH9536AM 
040 |a DLC  |c DLC  |d WEA  |d UtOrBLW 
049 |a TXAM 
050 0 0 |a Z669.7  |b .Q35 1992 
082 0 0 |a 020/.723  |2 20 
245 0 0 |a Qualitative research in information management /  |c [edited by] Jack D. Glazier, Ronald R. Powell. 
264 1 |a Englewood, Colo. :  |b Libraries Unlimited,  |c 1992. 
300 |a xiv, 238 pages :  |b illustrations, maps ;  |c 24 cm. 
336 |a text  |b txt  |2 rdacontent 
337 |a unmediated  |b n  |2 rdamedia 
338 |a volume  |b nc  |2 rdacarrier 
504 |a Includes bibliographical references and index. 
505 0 |a Qualitative research methodologies for library and information science : an introduction / Jack D. Glazier -- Perspectives on qualitative research with quantitative implications : studies in information management / Marianne Cooper -- Visualization : a new conceptual lens for research / Herbert K. Achleitner and Roger B. Wyatt -- The case study method : a case study / Raya Fidel -- Paper and people trails : qualitative approaches for journalism investigators / Steve Weinberg -- From the mind's eye of the user : the sense-making qualitative-quantitative methodology / Brenda Dervin -- Focused group interviews / Karen Markey Drabenstott -- Structured participant observation / Robert Grover and Jack D. Glazier -- Recording the reference interview : a field experiment / Patricia Dewdney -- Qualitative computing : three approaches / Edward Brent -- Qualitative research methods in library decision-making / Mark Sandler -- Qualitative research in library and information professional education / Robert Grover. 
505 0 |a (cont.) Qualitative and nonqualitative research methodologies : thesis, antithesis, or synthesis? / Jack D. Glazier -- Qualitative research : an annotated bibliography / Gemma DeVinney. 
650 0 |a Library science  |x Research  |x Methodology. 
650 0 |a Information science  |x Research  |x Methodology. 
700 1 |a Glazier, Jack D. 
700 1 |a Powell, Ronald R. 
999 |a MARS 
999 f f |s 6943aaab-be94-3ee2-bfa4-bc8566a478f1  |i 1a3f5fd0-b311-3f25-be81-e7cfc83bad7b  |t 0 
952 f f |p normal  |a Texas A&M University  |b College Station  |c Sterling C. Evans Library  |d Evans: Library Stacks  |t 0  |e Z669.7 .Q35 1992  |h Library of Congress classification  |i unmediated -- volume  |m A14818570105 
998 f f |a Z669.7 .Q35 1992  |t 0  |l Evans: Library Stacks